Statistics for 48 facts about Dalí (Money Heist, La casa de papel)

Click here to take the quiz!

General Stats

  • This quiz has been taken 145 times
  • The average score is 30 of 48

Answer Stats

HintAnswer% Correct
Professor's first and only loveLisbon/Raquel Murillo
92%
Was captured and then tortured by Alicia SierraRio/Aníbal Cortés
89%
Travelled with Nairobi after the Royal Mint heistHelsinki/Mirko Dragic
87%
The youngest gang memberRio/Aníbal Cortés
85%
Arturito's ex loverStockholm/Mónica Gaztambide
83%
Helsinki's cousinOslo/Radko Dragic
82%
Killed Gandia and sacrificed herselfTokyo /Silene Oliveira
82%
Stockholm's husband and Cincinnati's fatherDenver/Daniel Ramos
80%
Always ties her hair with a pencilLisbon/Raquel Murillo
79%
The narrator of the whole seriesTokyo/Silene Oliveira
79%
Warrior from SerbiaHelsinki/Mirko Dragic
77%
The both heists mastermindProfessor/Sergio Marquina
76%
Love of Palermo's lifeBerlin/Andrés de Fonollosa
75%
Was the first to dieOslo/Radko Dragic
75%
Has lost her boyfriend during a robberyTokyo /Silene Oliveira
75%
Tokyo calles him her "Guardian angel"Professor/Sergio Marquina
74%
"The Mozart of computers"Rio/Aníbal Cortés
74%
The oldest gang memberMoscow/Agustín Ramos
73%
Has a bear tatoo on his stomachHelsinki/Mirko Dragic
72%
Was married five timesBerlin/Andrés de Fonollosa
71%
Has a unique trashy laughterDenver/Daniel Ramos
71%
Benjamin's transgender daughterManila/Julia Martinez
71%
Has a son called AxelNairobi/Ágata Jiménez
71%
His real surname is MarquinaProfessor/Sergio Marquina
71%
Called Tokyo "Maserati"Denver/Daniel Ramos
70%
The charismatic leader of the robbers during the Royal Mint heistBerlin/Andrés de Fonollosa
68%
Moscow's goddaughter and Denver's childhood friendManila/Julia Martinez
68%
Her mother suffers from AlzheimerLisbon/Raquel Murillo
66%
Has seven children from different womenBogotà/Santiago Lopez
64%
The absolute queen of matriarchyNairobi/Ágata Jiménez
62%
Was in love with NairobiBogotà/Santiago Lopez
61%
Brokenhearted "Boom-Boom Ciao" theory authorPalermo/Martín Berrote
60%
Was a miner before the Royal Mint heistMoscow/Agustín Ramos
59%
Always silent and doesn't speak a word in SpanishOslo/Radko Dragic
58%
Fake hostage who shot ArturitoManila/Julia Martinez
54%
Led the gold reserve extraction and melting during the Bank of Spain heistNairobi/Ágata Jiménez
52%
Her city code name comes from a psychological terminologyStockholm/Mónica Gaztambide
48%
Speaks a lot of languagesMarseille/Jakov
45%
The capital of Chile is his real nameBogotà/Santiago Lopez
44%
Was born in Buenos Aires and is portrayed by an ArgentinePalermo/Martín Berrote
42%
Dreamed to record his own album with his corridasMoscow/Agustín Ramos
39%
The only robber to have a Spanish city code namePamplona/Matias Caño
36%
Had a crush on LisbonPamplona/Matias Caño
36%
The gang engineerPalermo/Martín Berrote
35%
Vegan robberStockholm/Mónica Gaztambide
33%
Was voiced by Luka Peroš also in English, French, Italian, German and other dubsMarseille/Jakov
32%
Was a professional killer before entering the gangMarseille/Jakov
28%
One of the Bank of Spain weldersPamplona/Matias Caño
20%

Score Distribution

Percentile by Number Answered

Percent of People with Each Score

Your Score History

You have not taken this quiz